000 00958nam a2200313 a 4500
001 vtls000969222
003 NLI
005 20210627095145.0
008 120112s1954 ii 000 0 eng
039 9 _y201201121808
_zEntertech_02
040 0 _aNLI
_beng
_cEntertech-2011
_eAACR2
041 0 _aeng
044 _aii
084 _a108.B.195
100 1 _aVenkataraman, V.
_9756097
245 1 2 _aA text book modern history /
_cV. Venkataraman and R. S. Chakravarty
260 _aMadras :
_bKesari Pub. House,
_c1954
300 _a-v. ;
_c18 cm.
500 _aLibrary has vol.1 and 2
505 _av.1. 1066-1788 -- v.2. 1788-1953
650 0 _aHistory, Modern
_y19th century
_9695691
650 0 _aHistory, Modern
_y20th century
_9695692
700 1 _aChackravarti , R. S.
_9909571
887 _a
901 _a320563 :
_b7.4.1958
_9v.1
901 _a320575 :
_b8.3.1958
_9v.2
902 _a108.B.195
999 _aVIRTUA
_c793149
_d793149
942 _2ddc
_cBKS